Music Quiz

Random Music or Song Quiz
Score 0/15 Timer 04:00
0 Plays Today
Opening Lyrics Song Titles % Correct
The distant future, the year 2000!The Humans Are Dead
86.7%
Girl, tonight we're gonna make love. You know how I know, baby?Business Time
84.8%
Goodbye, goodbye-ee-eye...Leggy Blonde
81.6%
People in the room doing Boom like it's never been done, Bust a move it's just the kick of a gun!She's So Hot, Boom
78.1%
Looking round the room, I can tell that you, are...The Most Beautiful Girl in the Room
77.4%
In the marmalade forest, Between the make believe trees, In a cottage cheese cottage, Lives...Albi the Racist Dragon
75.2%
(song title), don't wear the ring!Frodo
73.7%
Just wanna do something special for all the...Ladies of the World
70.3%
Opening Lyrics Song Titles % Correct
...The concrete world is starting to get ya...Inner City Pressure
70%
If you want me to I could hang around with you...If You're Into It
53.8%
(song title) Whatcha doin' out there man? Bowie's In Space
48.7%
Je voudrais une croissant, Je suis enchanteFoux du Fa Fa
47.4%
Lives are like retractable pencils, If you push them too hard they're gonna break.Pencils in the Wind
45.8%
I'm the mother flippin'...Hiphopopotamus vs. Rhymenoceros
24.1%
Hey there Bret, I see you looking down, Don't want to see my little buddy there with a frown. Bret, You've Got It Goin' On
20.1%
Remove Ads.
Support Sporcle.
Get the best of Sporcle when you Go Orange. This ad-free experience offers more features, more stats, and more fun while also helping to support Sporcle. Thank you for becoming a member.

You're not logged in!

Compare scores with friends on all Sporcle quizzes.
OR
Log In

Show Comments

Extras

Top Quizzes Today


Score Distribution

Your Account Isn't Verified!

In order to create a playlist on Sporcle, you need to verify the email address you used during registration. Go to your Sporcle Settings to finish the process.

Report this User

Report this user for behavior that violates our Community Guidelines.

Details: